000 00564nam a2200193Ia 4500
005 20250508165854.0
008 008 250505s9999 xx 000 0 eng d
037 _aDissertations
040 _aFEDL
_beng
_cFEDL
041 _aeng
_2eng
084 _a371.03, DAN/DI
_qFEDL
100 _aDang Richa
_9780748
245 0 _aLow fee paying schools: An exploratory study
260 _c2017
300 _avii, 152p.
546 _aM. Phil Dissertation (Delhi University); C D Included
942 _cDIS
_h371.03, DAN/DI
999 _c1397912
_d1397912